| 000 | 00480nam a2200181Ia 4500 | ||
|---|---|---|---|
| 008 | 151202s9999||||xx |||||||||||||| ||und|| | ||
| 082 | _bPNVM-49986 | ||
| 100 | _aकाळे वैजयंती. | ||
| 245 | _aखानदान. | ||
| 260 | _b--- | ||
| 260 | _c0 | ||
| 300 | _a0 | ||
| 600 | _aकाळे वैजयंती. | ||
| 630 | _aखानदान. | ||
| 700 | _aकाळे वैजयंती. | ||
| 730 | _aखानदान. | ||
| 942 | _cBOOK | ||
| 999 |
_c1316513 _d1316510 |
||